000 01483nam a22003497a 4500
999 _c9452
_d9452
003 GBCCL
005 20241126110712.0
008 221213b ||||| |||| 00| 0 eng d
020 _a9780857460462
040 _aDLC
_beng
_cgbc
_erda
_dDLC
042 _apcc
050 0 0 _aBS2655.P3
_bP38 2018
082 0 0 _a253
_223
_bWHI
100 _aWhitworth, Patrick
_916490
245 0 0 _aPaul as pastor :
_cBiblical insights for pastoral ministry
264 1 _aUK :
_bThe Bible reading fellowship,
_c2012
300 _a184 pages ;
_c24 cm
336 _atext
_btxt
_2rdacontent
337 _aunmediated
_bn
_2rdamedia
338 _avolume
_bnc
_2rdacarrier
504 _aIncludes bibliographical references and indexes.
600 0 0 _aPaul,
_cthe Apostle, Saint.
_91848
630 0 0 _aBible.
_pEpistles of Paul
_xCriticism, interpretation, etc.
_92197
630 0 0 _aBible.
_pActs
_xCriticism, interpretation, etc.
_92267
650 0 _aPastoral care
_xBiblical teaching.
_916491
650 0 _aPastoral theology
_xBiblical teaching.
_915541
700 1 _aRosner, Brian S.,
_eeditor.
_94531
776 0 8 _iOnline version:
_tPaul as pastor
_dNew York : Bloomsbury Academic T&T Clark, 2017
_z9780567677945
_w(DLC) 2017040819
906 _a7
_bcbc
_corignew
_d1
_eecip
_f20
_gy-gencatlg
942 _2ddc
_cBK
_01